Antes de decir cualquiera de las grandes palabras : antología 1972-2022 /
Gorde:
| Egile nagusia: | |
|---|---|
| Beste egile batzuk: | |
| Formatua: | Liburua |
| Hizkuntza: | gaztelania |
| Argitaratua: |
México : Veracruz, México :
Era ; Universidad Veracruzana
2023, c2023
|
| Saila: | (Biblioteca Era. Poesía)
|
| Gaiak: | |
| Etiketak: |
Etiketarik gabe, Izan zaitez lehena erregistro honi etiketa jartzen!
|
MARC
| LEADER | 00000nam^a2200000^a^4500 | ||
|---|---|---|---|
| 001 | 000591363 | ||
| 005 | 20250521000000.0 | ||
| 009 | 20260310132926.841 | ||
| 020 | |a 978-607-445-636-3 | ||
| 020 | |a 978-607-8923-51-9 | ||
| 037 | |a Acervo ITESO - Biblioteca | ||
| 041 | |a ESP | ||
| 082 | |a 861. |b HUE | ||
| 100 | |a Huerta, David |e (autor) | ||
| 240 | 1 | 1 | |a [Cuaderno de noviembre] |
| 240 | 1 | 1 | |a [Versión, poemario de David Huerta] |
| 240 | 1 | 4 | |a [El espejo del cuerpo] |
| 240 | 1 | 1 | |a [Incurable] |
| 240 | 1 | 1 | |a [Historia, poemario de David Huerta] |
| 240 | 1 | 5 | |a [Los objetos están más cerca de lo que aparentan] |
| 240 | 1 | 1 | |a [Lápices de antes] |
| 240 | 1 | 4 | |a [La sombra de los perros] |
| 240 | 1 | 4 | |a [La música de lo que pasa] |
| 240 | 1 | 4 | |a [El azul en la flama] |
| 240 | 1 | 4 | |a [La calle blanca] |
| 240 | 1 | 4 | |a [El ovillo y la brisa] |
| 240 | 1 | 4 | |a [El cristal en la playa] |
| 245 | 1 | 0 | |a Antes de decir cualquiera de las grandes palabras : |b antología 1972-2022 / |c D. Huerta ; selec. y pról. de H. Bravo Varela. |
| 264 | 4 | |a México : |b Era ; |a Veracruz, México : |b Universidad Veracruzana |c 2023, c2023 | |
| 300 | |a 216 p. | ||
| 336 | |a texto |b txt |2 rdacontenido | ||
| 337 | |a sin mediación |b n |2 rdamedio | ||
| 338 | |a volumen |b nc |2 rdasoporte | ||
| 440 | 1 | |a (Biblioteca Era. |p Poesía) | |
| 521 | |a FIL 2024 DIA | ||
| 545 | 0 | |a David Huerta, hijo del poeta Efraín Huerta (1914-1982), nació en la ciudad de México 1949 y desde inicios de la década de 1970 ha desarrollado una obra poética que comprende El jardín de la luz (1972), Cuaderno de noviembre (1976), Huellas del civilizado (1977), Versión (1978), El espejo del cuerpo (1980), Lluvias de noviembre (1984), Incurable (1987), Historia (1990), Los objetos están más cerca de lo que aparentan (1991), Lápices de antes (1993), La sombra de los perros (1996) y La música de lo que pasa (1997), entre otros títulos. También ha incursionado en el ensayo, como ejemplifica Las intimidades colectivas (1982), y es autor de las antologías El cuento romántico (1973), Breve antología de Lezama Lima (1977) y El relato romántico (1983). | |
| 586 | |a Premio FIL de Literatura en Lenguas Romances 2019 | ||
| 586 | |a Premio Nacional de Ciencias y Artes, categoría Lingüística y Literatura (66°: 2015), ex aequo | ||
| 649 | |a XX | ||
| 650 | |a Poesía Mexicana | ||
| 650 | |a Literatura Mexicana - |y Siglo XX | ||
| 650 | |a Literatura Mexicana - |y Siglo XXI | ||
| 700 | |a Bravo Varela, Hernán |e (selección y prólogo) | ||
| 740 | 3 | |a El jardín de la luz / |c D. Huerta. | |
| 740 | 0 | |a Cuaderno de noviembre / |c D. Huerta. | |
| 740 | 0 | |a Huellas del civilizado / |c D. Huerta. | |
| 740 | 0 | |a Versión / |c D. Huerta. | |
| 740 | 3 | |a El espejo del cuerpo / |c D. Huerta. | |
| 740 | 0 | |a Incurable / |c D. Huerta. | |
| 740 | 0 | |a Historia / |c D. Huerta. | |
| 740 | 4 | |a Los objetos están más cerca de lo que aparentan / |c D. Huerta. | |
| 740 | 0 | |a Lápices de antes / |c D. Huerta. | |
| 740 | 3 | |a La sombra de los perros / |c D. Huerta. | |
| 740 | 3 | |a La música de lo que pasa / |c D. Huerta. | |
| 740 | 4 | |a Los cuadernos de la mierda / |c D. Huerta. | |
| 740 | 3 | |a El azul en la flama / |c D. Huerta. | |
| 740 | 0 | |a Hacia la superficie / |c D. Huerta. | |
| 740 | 3 | |a La olla / |c D. Huerta. | |
| 740 | 3 | |a La calle blanca / |c D. Huerta. | |
| 740 | 0 | |a Canciones de la vida común / |c D. Huerta. | |
| 740 | 0 | |a Filo de sombra / |c D. Huerta. | |
| 740 | 0 | |a Tres poemas / |c D. Huerta. | |
| 740 | 0 | |a After Auden / |c D. Huerta. | |
| 740 | 3 | |a El ovillo y la brisa / |c D. Huerta. | |
| 740 | 4 | |a Los instrumentos de la pasión / |c D. Huerta. | |
| 740 | 3 | |a El cristal en la playa / |c D. Huerta. | |
| 740 | 3 | |a El desprendimiento / |c D. Huerta. | |
| 740 | 3 | |a El viento en el andén / |c D. Huerta. | |
| 910 | |a Fondo General | ||
| 920 | |a Impresos - Libros | ||
| 930 | |a Colección General | ||
| 940 | |a Literatura | ||
| 905 | |a 101 | ||
| 901 | |a 591363-10 |b IT1 |c LIT |i C187605 |u 20250521 | ||
| 902 | |a https://opac.biblio.iteso.mx/vufind/Record/000591363 | ||